| 000 | 00962cam a2200217 4500 | ||
|---|---|---|---|
| 001 | 8660 | ||
| 003 | OCoLC | ||
| 005 | 20181127190452.0 | ||
| 008 | 030804s2002 njua b 001 0 eng | ||
| 020 | _a0691117306 | ||
| 082 | 0 | 4 |
_a382.71 _221 |
| 100 | 1 |
_aBhagwati, Jagdish N., _d1934- |
|
| 245 | 1 | 0 |
_aFree trade today / _cJagdish Bhagwati. |
| 260 |
_aPrinceton, N.J. _bPrinceton University Press, _cc2002. |
||
| 300 |
_aix, 128 p. : _bill. ; _c22 cm. |
||
| 504 | _aIncludes bibliographical references and index. | ||
| 505 |
_aCONTENTS : Lecture 1. Confronting conventional threats to free trade: the postwar revolution in the theory of commercial policy -- Lecture 2. "Fair trade," income distribution, and social agendas: using trade theory to meet new challenges -- Lecture 3. Getting to free trade: alternative approaches and their theoretical rationale. _g _r _t |
||
| 521 | 8 |
_a1600 _bLexile. |
|
| 650 | 0 | _aFree trade. | |
| 999 |
_c7506 _d7506 |
||